| 000 | 00721nam a2200241 i 4500 | ||
|---|---|---|---|
| 001 | 10689 | ||
| 003 | ES-MaACL | ||
| 005 | 20240508123811.0 | ||
| 008 | 900122s1988 sp |||| | spa j | ||
| 020 | _a846419190 | ||
| 080 | _a839.7-14"19" | ||
| 100 | 1 |
_aLeckius, Ingemar. _971079 |
|
| 245 | 1 | 3 |
_aLa huella abrupta / _cIngemar Leckius ; traducción y prólogo de René Vázquez Díaz. |
| 250 | _a1ª ed. | ||
| 260 |
_aBarcelona : _bJuan Pastor, _c1988. |
||
| 300 |
_a72 p. ; _c20 cm. |
||
| 490 | 1 |
_aDevenir ; _v18 |
|
| 700 | 1 |
_aVázquez Díaz, René. _9113436 |
|
| 830 | 0 | 0 |
_aDevenir. _pSerie Poesía ; _v18 _9236243 |
| 852 |
_aES-MaACL _jP-1931 N 18 _910982 |
||
| 942 | _2udc | ||
| 999 |
_c10689 _d10689 |
||